|
|
|
|
| LEADER |
00000nab a2200000 a 4500 |
| 001 |
vtls011107653 |
| 003 |
SK-MaSNL |
| 005 |
20260303143522.0 |
| 008 |
230222|2012 xo |||||||||||||||||eng| |
| 015 |
|
|
|a SNBRB
|
| 035 |
|
|
|a (uuid)dafccabe-2143-494b-bccf-71189115e32b
|
| 035 |
|
|
|a (urnnbn)urn:nbn:sk:snk:ar-a08at2
|
| 035 |
|
|
|a urn:nbn:sk:snk-ab9dzg
|
| 040 |
|
|
|a SNKBUCL
|b slo
|c SNKBUCL
|e AACR2
|
| 041 |
0 |
|
|a eng
|
| 044 |
|
|
|a xo
|c SK
|
| 100 |
1 |
|
|a Vyskočilová, Jana,
|d 1977-
|4 aut
|9 122083
|
| 245 |
1 |
0 |
|a Socratic dialogue and guided discovery in cognitive behavioral supervision
|c Jana Vyskočilová, Ján Praško
|
| 700 |
1 |
|
|a Praško, Ján,
|d 1956-
|4 aut
|9 196471
|
| 773 |
0 |
|
|t Activitas nervosa superior rediviva : international journal for integrated neuroscience
|g Roč. 54, č. 1 (2012), s. [35]-44
|
| 958 |
|
|
|a OND
|
| 958 |
|
|
|a EUIPO
|
| 958 |
|
|
|a article13
|
| 999 |
|
|
|c 1990607
|d 1992537
|